Эндогенное рудообразование: сборник статей

Bibliografiset tiedot
Muut tekijät: Кузнецов В. А. (редактор)
Kieli:venäjä
Julkaistu: Москва, Наука, 1985
Aiheet:
Aineistotyyppi: Kirja
KOHA link:https://koha.lib.tpu.ru/cgi-bin/koha/opac-detail.pl?biblionumber=372800

MARC

LEADER 00000nam0a2200000 4500
001 372800
005 20231101050422.0
020 |a RU  |b 85-11683 
035 |a (RuTPU)RU\TPU\retro\30225 
035 |a RU\TPU\book\206448 
090 |a 372800 
100 |a 20221215d1985 k a0rusy5003 ca 
101 0 |a rus 
102 |a RU 
105 |a ac z 001zy 
200 1 |a Эндогенное рудообразование  |e сборник статей  |f под ред. В. А. Кузнецова 
210 |a Москва  |c Наука  |d 1985 
215 |a 327 с.  |c ил., 1 л. портр.  |d 27 см 
320 |a Библиогр. в конце ст. 
610 1 |a рудообразование 
610 1 |a рудные месторождения 
610 1 |a формирование 
610 1 |a формации 
610 1 |a локализация 
610 1 |a образование 
675 |a 553.2.062  |z rus 
702 1 |a Кузнецов  |b В. А.  |4 340 
801 0 |a RU  |b RuMRKP  |c 19950704  |g psbo 
801 1 |a RU  |b 63413507  |c 20110108 
801 2 |a RU  |b 63413507  |c 20221215  |g RCR 
942 |c BK